Estatutos y reglamento de la Asociación libre de Amigos de los Pobres
Descripción Física:
24 p. ; 16 cm
MARC
| LEADER | 00000nam a2200000Ia 4500 | ||
|---|---|---|---|
| 001 | 20533 | ||
| 003 | BGR | ||
| 005 | 20260410113649.0 | ||
| 008 | 160829s1870 xx 000 0 cat d | ||
| 080 | |a RF-7-41 | ||
| 110 | 2 | |a Asociación libre de Amigos de los Pobres |9 70554 | |
| 245 | |a Estatutos y reglamento de la Asociación libre de Amigos de los Pobres | ||
| 260 | |a Barcelona : |b Establecimiento Tipográfico de Narciso Ramírez y Ca., |c 1870 | ||
| 300 | |a 24 p. ; |c 16 cm | ||
| 590 | |a Prové de 1127 | ||
| 650 | |a Asociación libre de Amigos de los Pobres |x Estatuts |9 47960 | ||
| 856 | 4 | |u https://media.diba.cat/diba/fitxers/arxiu/fulletons/bib_20533_1870_baixa.pdf |y Accés lliure | |
| 856 | 4 | |u https://media.diba.cat/diba/fitxers/arxiu/fulletons/bib_20533_1870_baixa.pdf |y Accés lliure | |
| 900 | |a bib_20533_1870_baixa.pdf | ||
| 901 | |a Arxiu | ||
| 942 | |n 1 |2 udc |c MON | ||
| 952 | |0 0 |1 0 |4 0 |6 RF741 |7 1 |9 54234 |a Arxiu |b Arxiu |d 2016-12-01 |l 0 |o RF-7-41 |p 20533 |r 2016-12-01 00:00:00 |w 2016-12-01 |y ARXIU | ||
| 999 | |c 58103 |d 58103 | ||